000 00480nam a2200157 4500
005 20260606134341.0
008 260606b |||||||| |||| 00| 0 eng d
020 _q9789354792946
040 _cOCLC
082 _a658.4092
100 _aVijaybaskar, Latha
_910640
245 _aMaster Strokes:
_bRe-inventing Leadership in Uncertain /
_cLatha Vijaybaskar
260 _bSage,
_c2021.
856 _uhttps://sk.sagepub.com/books/masterstrokes
_yRead SAGE E-Book
942 _2ddc
_cEBOOK
999 _c44740
_d44740